000 00722nam a22002057a 4500
005 20130528154245.0
010 _aENG-107042
020 _a9781445442839
_c1195.00
035 _aEN-90575
037 _bDBAD/PUB
082 _a910.22
100 _aJollands, Beverley
245 1 0 _a(One hundred) 100 Landmarks of the world :
_biconic landmarks and monuments of the world /
_cby Beverley Jollands [and] Paul Fisher
260 _aUK
_bParragon Books
_c2011
270 _a Rhythm Book Distributors, Old no. 4, new no. 5, Jeenis Road, Saidapet
_bChennai
_e600015
300 _a240p.:
_c28cm(Hb)
_bcol.ill.
_e1CD-ROM
500 _aIncludes index
700 _aFisher, Paul
942 _2ddc
_cEN
_h910.22
_mJOL
999 _c75630
_d75630